000 00379 a2200145 4500
005 20250619062008.0
020 _a978-81-203-5114-1
082 _a658.15 BAN
100 _aBANERJEE, B
245 _aFundamental of Financial Management
250 _a2nd Ed.
260 _aDelhi,
_bPHI,
_c2015
300 _axvii,650p.; ill.; figure, table
_bAppendix & Index
_c23cm
942 _2ddc
_cBKS
999 _c4338
_d4338